Operativa de tancament de l'exercici / organització i coordinació: Intervenció General, Servei d'Assistència a la Gestió Econòmica Local ; documentació realitzada per: Carles Arza Macia Intervenció General, Servei d'Assistència a la Gestió Econòmica Local ; documentació realitzada per:

por Arza Macia, Carles

Descripción Física: 74 p. ; 29 cm

MARC

LEADER 00000nam a2200000Ia 4500
001 21226
008 160829s2009 xx 000 0 cat d
080 |a M-6-167 
100 |a Arza Macia, Carles  |9 2254 
245 |a Operativa de tancament de l'exercici / organització i coordinació:  |b  Intervenció General, Servei d'Assistència a la Gestió Econòmica Local ; documentació realitzada per:  |b  Carles Arza Macia 
260 |a Barcelona :  |b Diputació de Barcelona. Àrea d'Hisenda i Recursos Interns. Intervenció General. Direcció de Serveis Econòmics. Servei d'Assistència a la Gestió Econòmica Local,  |c 2009 
300 |a 74 p. ;  |c 29 cm 
650 |a Pressupostos  |x Manuals, guies, etc.  |9 45191 
710 1 |a Barcelona (Catalunya : Província).  |b Servei d’Assistència a la Gestió Econòmica Local  |9 53081 
901 |a Arxiu 
942 |n 1 
952 |0 0  |1 0  |4 0  |6 M6167  |7 1  |9 52423  |a Arxiu  |b Arxiu  |d 2016-12-01  |l 0  |o M-6-167  |p 21226  |r 2016-12-01 00:00:00  |w 2016-12-01  |y ARXIU 
999 |c 56271  |d 56271